| 000 | 00692nam a2200241Ia 4500 | ||
|---|---|---|---|
| 001 | dia_2970 | ||
| 003 | CHAP | ||
| 005 | 20251027144119.0 | ||
| 008 | 220117s2003 xx 000 0 und d | ||
| 010 | _a173474 | ||
| 040 | _cCHAP | ||
| 082 | _a664.752 M8 | ||
| 100 |
_aMuñoz, Lolita _9153834 |
||
| 245 |
_aPanaderia Casera, 200 Recetas Faciles de Elaborar (con recetas basicas axuliares) / _c por Lolita Muñoz |
||
| 260 |
_aBuenos Aires, Albatros _c2003 |
||
| 300 | _a192 p. | ||
| 500 | _aC/e | ||
| 650 |
_aPan _xelaboración casera _9153835 |
||
| 901 | _a664.752 M8 | ||
| 902 | _aM | ||
| 905 | _a0000002003 BUEA 0000000000ESP00 | ||
| 942 |
_cLIBRO _2ddc |
||
| 999 |
_c173474 _d173474 |
||